| 000 | 00487cam a2200193ua 4500 | ||
|---|---|---|---|
| 001 | 5244 | ||
| 008 | 120306n ii |||gr||||Z||||||eng | ||
| 020 | _a81-85392-22-6 | ||
| 040 | _cMAIN | ||
| 082 | _a821 | ||
| 100 |
_aMchenry, Robert, _eEditor, |
||
| 245 | 1 | 1 |
_aCrities on Dryden _cby Robert Mchenry |
| 250 | _a1st. | ||
| 260 |
_aNew Delhi: _bUniversal book stall, _c1994. |
||
| 300 |
_a114p: _c23cm. |
||
| 653 | _aEnglish poetry | ||
| 700 |
_aLougee, David G., _eEditor, |
||
| 942 | _cBK | ||
| 999 |
_c4426 _d4426 |
||